Year 8 Biology Unit Revision - Statistics

General Stats
  • This quiz has been taken 34 times
  • The average score is 6 of 10
Answer Stats
Question Answer % Correct
What does the Oesophagus do? Carry food from mouth to stomach
93%
Which is not an organ in the digestive system? Brain
90%
What is an Epidermis? the thin, outer part of skin.
87%
Which is not a part of an animal cell? Cell Wall
77%
Which is not part of the cell theory? Cells are the most complex life form
63%
What combination does your mouth uses to swallow? Mechanical and....... Chemical
63%
Which is not a part of a plant cell? None
63%
What does the Ribosome do? Reads DNA
43%
Which is not part of the digestive system? Small intestine
3%
Where does the process of digestion start? The Eyes
0%
No matching quizzes found
Score Distribution
Percent of People with Each Score
Percentile by Number Answered
Your Score History
You have not taken this quiz